000 00577nam a2200193Ia 4500
005 20250507130233.0
008 008 250505s9999 xx 000 0 eng d
037 _aSeries Article
040 _aEASL
_beng
_cEASL
041 _aeng
_2eng
084 _qEASL
100 _aConrad Bjorn
_9669007
245 0 _aChina in copenhagen:reconciling the "beijing climat revolution" and the :copenhagen climate obstinacy"
260 _aUK
_bUK Cambridge Univesity Press UK
_c2012
300 _a435-455
650 _aChina
942 _cSRA
999 _c1318485
_d1318485